[Event "Leutersdorf Sparkasse op 15th"]
[Site "Leutersdorf"]
[Date "2011.02.19"]
[Round "4"]
[White "Kalbass, Rainer"]
[Black "Gaier, Georg"]
[Result "1-0"]
[WhiteElo "1817"]
[BlackElo "1300"]
[PlyCount "67"]
[EventDate "2011.02.18"]
[EventType "swiss"]
[EventRounds "7"]
[EventCountry "GER"]
[SourceTitle "CBM 141 Extra"]
[Source "ChessBase"]
[SourceDate "2011.05.03"]
[SourceVersion "1"]
[SourceVersionDate "2011.05.03"]
[SourceQuality "1"]

1. Nf3 Nc6 2. c4 e5 3. d3 Bc5 4. g3 d6 5. Bg2 Bf5 6. Nc3 Qd7 7. a3 Nf6 8. Na4 0-0 9. Nxc5 dxc5 10. 0-0 Rad8 11. Be3 b6 12. Bg5 Qe6 13. Qa4 a5 14. Rfe1 Bg6 15. Nh4 Rd6 16. Nxg6 hxg6 17. Bxf6 Qxf6 18. Bxc6 Rxc6 19. b4 cxb4 20. axb4 axb4 21. Qxb4 Rd8 22. f3 Qe6 23. Kg2 f5 24. Red1 Kf7 25. e4 fxe4 26. fxe4 Qg4 27. Rf1+ Ke6 28. Rf3 Rxd3 29. Rf8 Qxe4+ 30. Kh3 Rxc4 31. Re8+ Kf5 32. Rf1+ Kg5 33. Qe7+ Kh6 34. Rh8# 1-0

[Event "Leutersdorf Sparkasse op 11th"]
[Site "Leutersdorf"]
[Date "2007.02.18"]
[Round "7"]
[White "Gaier, Georg"]
[Black "Benkmann, Guenter"]
[Result "1/2-1/2"]
[WhiteElo "1214"]
[BlackElo "1513"]
[PlyCount "41"]
[EventDate "2007.02.16"]
[EventType "swiss"]
[EventRounds "7"]
[EventCountry "GER"]
[SourceTitle "CBM 117 Extra"]
[Source "ChessBase"]
[SourceDate "2007.05.09"]
[SourceVersion "1"]
[SourceVersionDate "2007.05.09"]
[SourceQuality "1"]

1. e4 e6 2. d4 d5 3. e5 c5 4. c3 Nc6 5. Nf3 Qb6 6. Bd3 Be7 7. 0-0 Bd7 8. Be2 Rc8 9. b3 f6 10. exf6 Nxf6 11. Be3 cxd4 12. Nxd4 0-0 13. Nxe6 d4 14. Nxd4 Nxd4 15. Bxd4 Qc7 16. Bc4+ Kh8 17. Nd2 Bd6 18. Bxf6 Rxf6 19. g3 Bh3 20. Re1 Rxf2 21. Qh5 1/2-1/2

[Event "GER-chT U12"]
[Site "Verden"]
[Date "2000.12.30"]
[Round "1.4"]
[White "Gaier, Georg"]
[Black "Loose, Alexander"]
[Result "0-1"]
[WhiteElo "594"]
[BlackElo "649"]
[PlyCount "148"]
[EventDate "2000.12.26"]
[EventType "team"]
[EventRounds "7"]
[EventCountry "GER"]
[SourceTitle "EXT 2008"]
[Source "ChessBase"]
[SourceDate "2007.11.25"]
[SourceVersion "1"]
[SourceVersionDate "2007.11.25"]
[SourceQuality "1"]
[WhiteTeam "Oberland U12"]
[BlackTeam "Leipzig Lok Mitte U12"]
[WhiteTeamCountry "GER"]
[BlackTeamCountry "GER"]

1. e4 c5 2. Nf3 Nc6 3. d4 cxd4 4. Nxd4 g6 5. Nc3 Bg7 6. Be3 Nf6 7. f3 d6 8. Bc4 Bd7 9. Qd2 0-0 10. 0-0-0 Rc8 11. Kb1 Qa5 12. Nd5 Qxd2 13. Nxe7+ Kh8 14. Rxd2 Nxe7 15. Bb3 Nc6 16. Nxc6 Rxc6 17. Bxa7 Be6 18. Bd5 Bxd5 19. exd5 Ra6 20. Bd4 Rfa8 21. a3 b5 22. c3 Nd7 23. Bxg7+ Kxg7 24. Re1 Nc5 25. Kc2 Nd7 26. Re7 Nf6 27. Re1 Re8 28. Rxe8 Nxe8 29. Kb3 Nc7 30. c4 bxc4+ 31. Kxc4 Kf6 32. g3 h5 33. h3 Ra5 34. Rd3 Rb5 35. b3 Ke5 36. Re3+ Kf6 37. Rd3 Ke5 38. Re3+ Kf6 39. Rd3 Rc5+ 40. Kb4 Na6+ 41. Ka4 Ke5 42. Rd2 Rxd5 43. f4+ Ke4 44. Rxd5 Kxd5 45. b4 Nc7 46. Ka5 Kc6 47. a4 Kb7 48. b5 Nd5 49. b6 Nxb6 50. Kb5 Nxa4 51. Kxa4 Kc6 52. Kb4 Kd5 53. g4 hxg4 54. hxg4 Ke4 55. f5 gxf5 56. gxf5 Kxf5 57. Kc4 Ke4 58. Kc3 d5 59. Kd2 d4 60. Ke2 d3+ 61. Kd2 f5 62. Ke1 Ke3 63. Kd1 d2 64. Kc2 Ke2 65. Kc3 d1Q 66. Kc4 Qd6 67. Kc3 Qd3+ 68. Kb4 Kd2 69. Ka4 Qb1 70. Ka5 Kc3 71. Ka6 Kc4 72. Ka7 Kc5 73. Ka8 Kc6 74. Ka7 Qb7# 0-1

[Event "GER-chT U12"]
[Site "Verden"]
[Date "2000.12.30"]
[Round "7.4"]
[White "Gaier, Georg"]
[Black "Strathoff, Jens"]
[Result "0-1"]
[WhiteElo "594"]
[BlackElo "708"]
[PlyCount "84"]
[EventDate "2000.12.26"]
[EventType "team"]
[EventRounds "7"]
[EventCountry "GER"]
[SourceTitle "EXT 2008"]
[Source "ChessBase"]
[SourceDate "2007.11.25"]
[SourceVersion "1"]
[SourceVersionDate "2007.11.25"]
[SourceQuality "1"]
[WhiteTeam "Oberland U12"]
[BlackTeam "Berghofen U12"]
[WhiteTeamCountry "GER"]
[BlackTeamCountry "GER"]

1. e4 e5 2. Nf3 Nc6 3. Bc4 Be7 4. c3 Nf6 5. Ng5 0-0 6. d3 d6 7. 0-0 Bg4 8. Nf3 a6 9. d4 Bxf3 10. gxf3 b5 11. Bb3 a5 12. d5 a4 13. Bc2 Na5 14. Bd3 Rb8 15. Na3 b4 16. cxb4 Rxb4 17. Bd2 Rxb2 18. Bxa5 Nh5 19. Nc4 Rb7 20. Ne3 Nf4 21. Ng2 Nh3+ 22. Kh1 Bh4 23. Qe2 Qg5 24. Qe3 Nxf2+ 25. Rxf2 Qxe3 26. Nxe3 Bxf2 27. Ng4 Bb6 28. Bd2 Bd4 29. Rb1 Rfb8 30. Rxb7 Rxb7 31. Bc1 h5 32. Ne3 g6 33. Nc4 Ra7 34. Kg2 Kf8 35. Kg3 Ke7 36. f4 Kf6 37. fxe5+ dxe5 38. Kh4 Ra8 39. Bg5+ Kg7 40. Be7 Rh8 41. d6 f6 42. Bc2 Bf2+ 0-1